Statistics for Best club team in Top 20 European teams

Click here to take the quiz!

General Stats

  • This quiz has been taken 20 times
  • The average score is 4 of 20

Answer Stats

# in FIFACountryAnswer% Correct
9SpainFC Barcelona
85%
4EnglandManchester City
80%
13GermanyBayern Munich
70%
7PortugalBenfica
60%
17ItalyJuventus
60%
16NetherlandsAjax Amsterdam
30%
5CroatiaDinamo Zagreb
15%
29IrelandDundalk
5%
1BelgiumKRC Genk
5%
33Northern IrelandLinfield
5%
2FranceParis SG
5%
27UkraineShakhtar Donetsk
5%
32SlovakiaSlovan Bratislava
5%
8SwitzerlandBSC Young Boys
0%
25RomaniaCFR Cluj
0%
29SerbiaCrvena Zvzeda
0%
10DenmarkFC Kobenhavn
0%
14SwedenMalmoe FF
0%
20PolandPiast Gliwice
0%
19WalesThe New Saints
0%

Score Distribution

Percentile by Number Answered

Percent of People with Each Score

Your Score History

You have not taken this quiz